000 00806nam a22002897a 4500
001 7716
003 FISKH
005 20260226144539.0
008 250801b cb ||||| |||| 00| 0 eng d
020 _a9780516271781
040 _aFISKH
_beng
_cFISKH
_dFISKH
050 _aBM695.P3 M37
082 _a296.4
100 _aF.Marx, David
245 _aPassover /
_cBy David F.Marx
250 _aThis edition first published in 2001
260 _aCanada :
_bChildren Press,
_c2001
300 _a31 pages :
_bcolor illustrations ;
_c18 cm
505 _aN
520 _aAn introduction to the traditions and foods of Passover.
521 8 _a540
_bLexile
521 8 _aN
_bRaz-Plus
650 _2Passover
_aHolidays
650 _2Social studies
_aSpring
942 _2ddc
_cBK
_n0
999 _c7716
_d7716